|
|
|
|
| LEADER |
00000nam a22000007a 4500 |
| 005 |
2018110204054.0 |
| 007 |
cr|||| |||| |
| 008 |
181102s2018 es |||||s|||| 00||0 spa d |
| 020 |
|
|
|a 978-84-9148-639-8
|
| 035 |
|
|
|a 21981
|
| 040 |
|
|
|a vLex
|
| 090 |
|
|
|c 8275
|d 8275
|
| 100 |
1 |
|
|a Serran,̣ Agata
|
| 245 |
1 |
0 |
|a Sobre el terrorismo
|h [Recurso electrn̤ico] :
|b una reflexin̤ contra la impunidad /
|c Agata Serraṇ
|
| 256 |
|
|
|a Servicio en ln̕ea
|
| 260 |
|
|
|a Madrid:
|b Dykinson,
|c 2018
|
| 300 |
|
|
|a 1 recurso electrn̤ico
|
| 500 |
|
|
|a El libro que ofrezco a los lectores nace a partir de un elenco de artc̕ulos que he elaborado a lo largo de diez aǫs de investigaciones sobre el terrorismo principalmente en Espaą y sus vc̕timas, y que ahora cobran unidad en este texto. El nc︢leo central de libro es una reflexin̤ contra la impunidad ideolg̤ica, jurd̕ica y social que envuelve con cierta asiduidad al fenm̤eno del terrorismo en nuestro tiempo. El terrorismo ha afectado el continente Europeo desde el siglo XIX, pero ha ido cambiando paulatinamente su modo de manifestarse. Si bien en el siglo XX el terrorismo ha perpetrado sus actos violentos justificǹdolos en las ideologa̕s cls̀icas de extrema derecha y de extrema izquierda, a partir del siglo XXI est ̀tratando de legitimar sus crm̕enes tambiň en un ideario polt̕ico-religioso a partir de una interpretacin̤ extremista y belicosa de las sagradas escrituras musulmanas.
|
| 506 |
1 |
|
|a Disponible solo en los productos indicados
|d vLex Global
|d vLex Global (Academic Edition, excluding Law Schools)
|d vLex Global (U.S. Academic Edition, Law Schools)
|d vLex Global (U.S. Academic Edition, excluding Law Schools)
|d vLex Global (Academic Edition, Law Schools)
|
| 650 |
0 |
4 |
|a Ciencias sociales
|z Espaą
|
| 650 |
0 |
4 |
|a Ciencia polt̕ica
|z Espaą
|
| 740 |
0 |
|
|a vLex Libros (Servicio en ln̕ea)
|
| 856 |
4 |
0 |
|u http://vlex.com/source/sobre-el-terrorismo-una-reflexion-contra-la-impunidad-21981
|z Acceso restringido
|
| 942 |
|
|
|c BOOK
|
| 999 |
0 |
|
|a Social Sciences
|
| 999 |
0 |
|
|a Political science
|